Villes de fiction - Statistiques

Statistiques générales
  • Ce quiz a été pris 48 fois
    6 depuis la dernière actualisation
  • Le résultat moyen est 25 sur 86
Statistiques - réponses
Ville Univers % Correct
Gotham City Batman
100%
Donaldville Donald
100%
Arendelle La Reine des Neiges
100%
Riverdale Riverdale
100%
South Park South Park
100%
Agrabah Aladdin
80%
Water Seven One Piece
80%
Citadelle d'Hyrule The Legend of Zelda
80%
Mystic Falls The Vampire Diaries
80%
Twin Peaks Twin Peaks
80%
Zootopie Zootopie
80%
Bikini Bottom Bob l'Eponge
60%
Fairview (et Wisteria Lane) Desperate Housewives
60%
Magnolia Fairy Tail
60%
Le Capitole Hunger Games
60%
Mickeyville Mickey
60%
Ponyville My Little Pony
60%
Storybrooke Once upon a time
60%
Fort Fort Lointain Shrek
60%
Coruscant Star Wars
60%
Hawkins Stranger Things
60%
Forks Twilight
60%
Sunnydale Buffy contre les Vampires
40%
Radiator Springs Cars
40%
Port Réal Game of Thrones
40%
Los Santos Grand Theft Auto
40%
York Shin City Hunter X Hunter
40%
Minas Tirith Le Seigneur des Anneaux
40%
San Fransokyo Les Nouveaux Héros
40%
Monstropolis Monstres & Cie
40%
Rosewood Pretty Little Liars
40%
Raccoon City Resident Evil
40%
Blancherive The Elder Scrolls
40%
Bonta Wakfu
40%
Karakura Bleach
20%
Arrakeen Dune
20%
Shady Sands/New California Republic Fallout
20%
Tilted Towers Fortnite
20%
New New York Futurama
20%
Morioh Jojo's Bizarre Adventure
20%
Walnut Grove La Petite maison dans la prairie
20%
Bandle City League of Legends
20%
(One) Tree Hill Les Frères Scott
20%
Springfield Les Simpson
20%
San Myshuno Les Sims
20%
Townsville Les Super-Nanas
20%
Arcadia Bay Life is Strange
20%
New Donk City Mario
20%
Safrania Pokémon
20%
Toonville Qui veut la peau de Roger Rabbit
20%
Armadillo Red Dead Redemption
20%
Beacon Hills Teen Wolf
20%
Novigrad The Witcher
20%
Bon Temps True Blood
20%
Crestmont 13 Reasons Why
0%
Haven City Artemis Fowl
0%
Célesteville Babar
0%
Rapture Bioshock
0%
Anor Londo Dark Souls
0%
Hilminia Donjons & Dragons
0%
Satan City Dragon Ball
0%
Blanchecombe Dragon Quest
0%
Fall's End Far Cry
0%
Midgar Final Fantasy
0%
Central Full Metal Alchemist
0%
Groville Groland
0%
Brantford (USA) Jumanji
0%
Crescentia La Planète au trésor
0%
Emerald City Le Magicien d'Oz
0%
Ankh-Morpork Les Annales du Disque-Monde
0%
Nouvelle-Rome Les Héros de l'Olympe
0%
Métroville Les Indestructibles
0%
Caillouville Les Pierrafeu
0%
Nothing Gulch Lucky Luke
0%
Sion Matrix
0%
Moog City Minecraft
0%
Miniville Oui-Oui
0%
Angel Grove Power Rangers
0%
Hill Valley Retour vers le futur
0%
Woodsboro Scream
0%
Green Hills Sonic The Hedgehog
0%
Seahaven The Truman Show
0%
Las Dopicos Tintin
0%
Neptune Veronica Mars
0%
Dalaran World of Warcraft
0%
Domino City Yu-Gi-Oh!
0%
Aucun quiz correspondant
Distribution des résultats
% des personnes avec chaque résultat
Percentile par nombre de réponses
Votre historique - résultats
Vous n’avez pas pris ce quiz depuis la dernière actualisation